| Tag |
First Indicator |
Second Indicator |
Subfields |
| LEADER |
00000cam a2200000 4500 |
| 001 |
in00000067881 |
| 005 |
20151008050826.0 |
| 008 |
711115s1933 it a 00000 fre |
| 010 |
|
|
|a 35010088
|
| 035 |
|
|
|a (OCoLC)00171672
|
| 035 |
|
|
|9 AAG3636AM
|
| 040 |
|
|
|a DLC
|c WSU
|d TXA
|d UtOrBLW
|
| 049 |
|
|
|a TXAM
|c [197834]
|
| 050 |
|
0 |
|a HB201
|b .D8
|
| 092 |
|
|
|a 330.1
|b D944
|
| 100 |
1 |
|
|a Dupuit, J.
|q (Jules),
|d 1804-1866.
|
| 245 |
1 |
0 |
|a De l'utilite et de sa mesure /
|c ecrits choisis et republies par Mario de Bernardi.
|
| 264 |
|
1 |
|a Torino :
|b La Riforma sociale,
|c 1933.
|
| 300 |
|
|
|a 228 pages
|
| 336 |
|
|
|a text
|b txt
|2 rdacontent
|
| 337 |
|
|
|a unmediated
|b n
|2 rdamedia
|
| 338 |
|
|
|a volume
|b nc
|2 rdacarrier
|
| 490 |
1 |
|
|a Collezione di scritti inediti o rari di economisti ;
|v II
|
| 650 |
|
0 |
|a Value.
|
| 650 |
|
0 |
|a Public works.
|
| 700 |
1 |
|
|a Bernardi, Mario de.
|
| 740 |
2 |
|
|a L'utilite et de sa mesure, De.
|
| 830 |
|
0 |
|a Collezione di scritti inediti o rari di economisti ;
|v II.
|
| 999 |
|
|
|a MARS
|
| 999 |
f |
f |
|s 962dcf46-486f-35ab-bf77-917b51f9cb54
|i a4a89ff1-481c-39f9-b9ab-86611556d0c0
|t 0
|
| 952 |
f |
f |
|p ric
|a Texas A&M University
|b Rellis Campus
|c Joint Library Facility
|d Remote Storage
|t 0
|e HB201 .D8
|h Library of Congress classification
|i unmediated -- volume
|m A14800689356
|
| 998 |
f |
f |
|a HB201 .D8
|t 0
|l Remote Storage
|